000 00332nam a2200145Ia 4500
008 230718s9999 xx 000 0 und d
041 _aEng.
082 _a34901
_bMEM-W
100 _aMemullam, Jhon
245 0 _aWarking time law
260 _aPakistan
_bSweet and Maxwell
_c2001
300 _a321
650 _aLaw
999 _c28597
_d28597